| 000 | 00767nam a2200205 i 4500 | ||
|---|---|---|---|
| 001 | 161735 | ||
| 003 | ES-MaACL | ||
| 005 | 20240522063058.0 | ||
| 008 | 990902s1888 sp |||| | spa d | ||
| 100 | 1 |
_aPereda, José María de, _d1833-1906 _990447 |
|
| 245 | 1 | 0 |
_aSotileza / _cJosé M. de Pereda. |
| 260 |
_aMadrid : _b[s.n.], _c1888 ( _fImp. y Fundición de Tello) |
||
| 300 |
_a566 p. ; _c18 cm. |
||
| 490 | 1 |
_aObras completas de D. José M. de Pereda ; _v9 |
|
| 530 | _aDisponible en formato digital. | ||
| 830 | 0 |
_aObras completas de D. José M. de Pereda ; _v9 _9188343 |
|
| 852 |
_aES-MaACL _jB-3696 _z- Enc. hol |
||
| 856 |
_uhttp://bdh-rd.bne.es/viewer.vm?id=0000246896&page=1 _zBiblioteca Digital Hispánica |
||
| 999 |
_c161735 _d161735 |
||